[Event "Ghaem Cup 1st"]
[Site "Qaem Shahr"]
[Date "2019.04.21"]
[Round "3"]
[White "Ahadzade, Kanan"]
[Black "Asgharzadeh, M Reza"]
[Result "0-1"]
[WhiteElo "2146"]
[BlackElo "2280"]
[PlyCount "126"]
[EventDate "2019.04.20"]
[EventType "swiss"]
[EventRounds "9"]
[EventCountry "IRI"]
[SourceTitle "CBM 190 Extra"]
[Source "ChessBase"]
[SourceDate "2019.07.15"]
[SourceVersion "1"]
[SourceVersionDate "2019.07.15"]
[SourceQuality "1"]

1. e4 e5 2. Nf3 Nc6 3. Bc4 Bc5 4. c3 Nf6 5. d4 exd4 6. e5 d5 7. Bb5 Ne4 8. cxd4 Bb6 9. Nc3 0-0 10. Be3 Bf5 11. 0-0 Ne7 12. Nh4 h6 13. Ne2 f6 14. f3 Ng5 15. exf6 Rxf6 16. Qd2 c6 17. Ba4 Ba5 18. b4 Bb6 19. Ng3 Bh7 20. Rad1 Qd6 21. Nh5 Rf7 22. Bf4 Qd7 23. Be5 Raf8 24. Rde1 Nf5 25. Nxf5 Qxf5 26. Ng3 Qd3 27. Qxd3 Bxd3 28. Rf2 Bc4 29. Bc2 Re7 30. f4 Bxd4 31. Nf5 Rxf5 32. Bxf5 Nf7 33. Bg6 Nxe5 34. fxe5 Bxa2 35. e6 Bxf2+ 36. Kxf2 d4 37. Ra1 Rxe6 38. Bd3 Re3 39. Be2 Bd5 40. Rxa7 b5 41. Rd7 Rb3 42. Bxb5 Rb2+ 43. Ke1 Rxb4 44. Bd3 g5 45. Rd6 Rb3 46. Bc2 Rb2 47. Kd1 Kg7 48. g3 d3 49. Bxd3 Rxh2 50. Bf5 h5 51. Ke1 Kf7 52. Rh6 Kg7 53. Rg6+ Kf7 54. Rh6 Bf3 55. Kf1 g4 56. Bg6+ Kf6 57. Be8+ Kg5 58. Rg6+ Kf5 59. Rh6 c5 60. Rh8 c4 61. Rf8+ Ke5 62. Bg6 c3 63. Rc8 h4 0-1

[Event "Bandar e Anzali Khazar Cup 16th"]
[Site "Bandar e Anzali"]
[Date "2018.03.04"]
[Round "7"]
[White "Asgharzadeh, M Reza"]
[Black "Hamidi, Amir Mohammad"]
[Result "1-0"]
[WhiteElo "2275"]
[BlackElo "2268"]
[PlyCount "97"]
[EventDate "2018.02.27"]
[EventType "swiss"]
[EventRounds "9"]
[EventCountry "IRI"]
[SourceTitle "CBM 183 Extra"]
[Source "ChessBase"]
[SourceDate "2018.04.19"]
[SourceVersion "1"]
[SourceVersionDate "2018.04.19"]
[SourceQuality "1"]

1. d4 e6 2. c4 d5 3. Nc3 Nf6 4. Bg5 Be7 5. e3 0-0 6. Nf3 h6 7. Bxf6 Bxf6 8. cxd5 exd5 9. Qc2 c5 10. dxc5 Qa5 11. Rc1 Nc6 12. Qd2 Rd8 13. Be2 Be7 14. Nb5 Qxa2 15. 0-0 Qa5 16. Qxa5 Nxa5 17. Nc7 Rb8 18. Rfd1 Bf8 19. Rc3 Bg4 20. Nxd5 Rbc8 21. e4 Nc6 22. Nd4 Bd7 23. Nxc6 bxc6 24. Nf4 Be8 25. Rxd8 Rxd8 26. Rc2 g6 27. g3 Bg7 28. Bc4 Kf8 29. Nd3 Bd7 30. Kg2 Be6 31. Nb4 Rd4 32. b3 Bd7 33. Ra2 Rxe4 34. Rxa7 Be8 35. f3 Re1 36. Nxc6 Rd1 37. Ra8 Rd2+ 38. Kh3 f5 39. Bb5 Kf7 40. Ne5+ Bxe5 41. Bxe8+ Ke7 42. Bxg6 Bd4 43. Bxf5 Bxc5 44. Rc8 Bg1 45. Rc2 Rd5 46. Kg4 Rb5 47. Re2+ Kf7 48. Be6+ Kg6 49. f4 1-0

[Event "Tehran Paytakht Cup 2nd"]
[Site "Tehran"]
[Date "2017.10.26"]
[Round "3"]
[White "Asgharzadeh, M Reza"]
[Black "Maghsoodloo, Parham"]
[Result "0-1"]
[WhiteElo "2264"]
[BlackElo "2560"]
[PlyCount "54"]
[EventDate "2017.10.24"]
[EventType "swiss"]
[EventRounds "9"]
[EventCountry "IRI"]
[SourceTitle "CBM 181 Extra"]
[Source "ChessBase"]
[SourceDate "2017.12.12"]
[SourceVersion "1"]
[SourceVersionDate "2017.12.12"]
[SourceQuality "1"]

1. d4 Nf6 2. g3 e6 3. Bg2 c5 4. c3 d5 5. Nf3 Nbd7 6. 0-0 Be7 7. Ne5 0-0 8. f4 Qc7 9. Nd2 b6 10. e3 Bb7 11. g4 Ne8 12. g5 Nxe5 13. dxe5 g6 14. Qe1 Ng7 15. b3 Rfd8 16. Bb2 Rac8 17. e4 dxe4 18. Nxe4 c4 19. Rd1 Rxd1 20. Qxd1 Nf5 21. Qe2 Bc5+ 22. Kh1 Ne3 23. b4 Nxg2 24. bxc5 Nh4 25. Ba3 Qc6 26. Re1 Rd8 27. cxb6 Qxe4+ 0-1

[Event "IRI-chT 14th"]
[Site "Tehran"]
[Date "2015.11.11"]
[Round "10.5"]
[White "Asgharzadeh, M Reza"]
[Black "Golizadeh, Asghar"]
[Result "1/2-1/2"]
[WhiteElo "2296"]
[BlackElo "2447"]
[PlyCount "93"]
[EventDate "2015.07.17"]
[EventType "team-tourn"]
[EventRounds "13"]
[EventCountry "IRI"]
[SourceTitle "EXT 2017"]
[Source "ChessBase"]
[SourceDate "2016.10.25"]
[SourceVersion "1"]
[SourceVersionDate "2016.10.25"]
[SourceQuality "1"]
[WhiteTeam "Shomal Damon Sakht"]
[BlackTeam "Tabriz Shahrdari"]
[WhiteTeamCountry "IRI"]
[BlackTeamCountry "IRI"]

1. d4 Nf6 2. c4 e6 3. Nc3 Bb4 4. e3 b6 5. Nge2 Ba6 6. a3 Bxc3+ 7. Nxc3 d5 8. b3 Nc6 9. b4 Bxc4 10. Bxc4 dxc4 11. Qe2 0-0 12. Qxc4 Qd7 13. 0-0 a5 14. b5 Ne7 15. e4 c6 16. bxc6 Rfc8 17. d5 Nxc6 18. dxc6 Rxc6 19. Qb3 Qd3 20. Bb2 Nxe4 21. Rfd1 Nd2 22. Qa4 Rc4 23. Rxd2 Qxd2 24. Qxc4 Qxb2 25. Rb1 Qxa3 26. Qc6 Rf8 27. h3 h6 28. Ne4 Qd3 29. Rxb6 Rd8 30. Nd6 Qd1+ 31. Kh2 Qd4 32. Qc7 Rf8 33. Rb8 Qf4+ 34. Kg1 Rxb8 35. Qxb8+ Kh7 36. Qc7 f5 37. g3 Qe5 38. Ne8 Qe1+ 39. Kg2 Qe4+ 40. Kh2 Qd4 41. Kg1 Qd1+ 42. Kg2 Qd5+ 43. Kh2 Qd4 44. Qc2 a4 45. Nc7 Qb6 46. Nxe6 Qxe6 47. Qxa4 1/2-1/2

[Event "Rasht op"]
[Site "Rasht"]
[Date "2015.08.17"]
[Round "6"]
[White "Asgharzadeh, M Reza"]
[Black "Sadeh, Shahin"]
[Result "0-1"]
[WhiteElo "2276"]
[BlackElo "2231"]
[PlyCount "82"]
[EventDate "2015.08.14"]
[EventType "swiss"]
[EventRounds "11"]
[EventCountry "IRI"]
[SourceTitle "EXT 2016"]
[Source "ChessBase"]
[SourceDate "2015.10.08"]
[SourceVersion "1"]
[SourceVersionDate "2015.10.08"]
[SourceQuality "1"]

1. d4 g6 2. c4 Bg7 3. Nc3 d6 4. e4 Nd7 5. Nge2 Ngf6 6. Ng3 c5 7. d5 a6 8. Be2 Rb8 9. 0-0 h5 10. f3 h4 11. Nh1 Nh5 12. Be3 Qb6 13. Rb1 Bd4 14. Qd2 g5 15. Nf2 Nf4 16. Bxf4 gxf4 17. Qxf4 Nf6 18. Qd2 Rg8 19. Kh1 Nh5 20. f4 Ng3+ 21. Kg1 Nxe2+ 22. Nxe2 Bh3 23. g3 hxg3 24. hxg3 Bxf1 25. Kxf1 Bxf2 26. Kxf2 Rh8 27. Kg2 Kd7 28. Qc2 Rh5 29. Ng1 Qa5 30. a3 b5 31. Qe2 Rbh8 32. Nf3 bxc4 33. e5 Qb5 34. e6+ fxe6 35. Qxe6+ Kd8 36. Ng5 Rh2+ 37. Kg1 Rh1+ 38. Kg2 R8h2+ 39. Kf3 Rxb1 40. Nf7+ Kc7 41. Qxe7+ Qd7 0-1

[Event "Asian Continental op 14th"]
[Site "Al Ain"]
[Date "2015.08.05"]
[Round "4"]
[White "Asgharzadeh, M Reza"]
[Black "Debashis, Das"]
[Result "0-1"]
[WhiteElo "2276"]
[BlackElo "2489"]
[PlyCount "104"]
[EventDate "2015.08.02"]
[EventType "swiss"]
[EventRounds "9"]
[EventCountry "UAE"]
[SourceTitle "CBM 168"]
[Source "ChessBase"]
[SourceDate "2015.09.14"]
[SourceVersion "1"]
[SourceVersionDate "2015.09.14"]
[SourceQuality "1"]

1. d4 Nf6 2. c4 c5 3. d5 e6 4. Nc3 exd5 5. cxd5 d6 6. Nf3 g6 7. Bf4 Bg7 8. Qa4+ Bd7 9. Qb3 Qc7 10. e4 0-0 11. Be2 b5 12. Bxb5 Nxe4 13. Nxe4 Qa5+ 14. Bd2 Qxb5 15. Qxb5 Bxb5 16. Nxd6 Ba4 17. 0-0 Bxb2 18. Rab1 Bg7 19. Rfc1 Nd7 20. Nb7 Rfc8 21. Ng5 c4 22. Be3 c3 23. Nxf7 Nb6 24. Nfd6 c2 25. Rb4 Rc7 26. Nc5 Nxd5 27. Rxa4 Nxe3 28. fxe3 Rxc5 29. Nc4 Rac8 30. Rxc2 h5 31. Kf2 Bh6 32. Ke2 R8c7 33. e4 Rc8 34. Kd3 Rd8+ 35. Kc3 Bg7+ 36. Kb4 Rc7 37. Ra5 Rdc8 38. Rb5 a5+ 39. Kb3 a4+ 40. Kb4 Bf8+ 41. Kxa4 Rxc4+ 42. Rxc4 Rxc4+ 43. Kb3 Rxe4 44. a4 Re3+ 45. Kc4 Re2 46. Rg5 Kh7 47. a5 Kh6 48. Rd5 Rxg2 49. Rd8 Be7 50. Re8 Bh4 51. a6 Ra2 52. Kb5 Bf2 0-1

[Event "Rasht Khazar op 13th"]
[Site "Rasht"]
[Date "2015.02.17"]
[Round "9"]
[White "Asgharzadeh, M Reza"]
[Black "Ziatdinov, Raset"]
[Result "1-0"]
[WhiteElo "2142"]
[BlackElo "2345"]
[PlyCount "69"]
[EventDate "2015.02.11"]
[EventType "swiss"]
[EventRounds "9"]
[EventCountry "IRI"]
[SourceTitle "EXT 2016"]
[Source "ChessBase"]
[SourceDate "2015.10.08"]
[SourceVersion "1"]
[SourceVersionDate "2015.10.08"]
[SourceQuality "1"]

1. d4 Nf6 2. c4 e6 3. Nc3 Bb4 4. e3 0-0 5. Nge2 d5 6. a3 Be7 7. Ng3 b6 8. cxd5 exd5 9. Bd3 Re8 10. 0-0 Bb7 11. b4 g6 12. Bb2 Nbd7 13. b5 h5 14. a4 h4 15. Nge2 Ne4 16. Nxe4 dxe4 17. Bc4 Nf6 18. Nf4 g5 19. Ng6 Bd5 20. Bxd5 Nxd5 21. Qh5 Bf6 22. Ne5 Qe7 23. Rac1 Bg7 24. Ba3 Qf6 25. f3 Nxe3 26. fxe4 Nxf1 27. Rxf1 Qe6 28. Rxf7 Qh6 29. Qf3 Rad8 30. Rxc7 Qe6 31. Nc6 Bxd4+ 32. Nxd4 Rxd4 33. Qh5 Rd7 34. Rxd7 Qxd7 35. Qg6+ 1-0

[Event "Wch U14"]
[Site "Al Ain"]
[Date "2013.12.22"]
[Round "6"]
[White "Asgharzadeh, M Reza"]
[Black "Zajic, Milan"]
[Result "0-1"]
[WhiteElo "2143"]
[BlackElo "2340"]
[PlyCount "100"]
[EventDate "2013.12.18"]
[EventType "swiss"]
[EventRounds "11"]
[EventCountry "UAE"]
[SourceTitle "CBM 158 Extra"]
[Source "ChessBase"]
[SourceDate "2014.02.28"]
[SourceVersion "1"]
[SourceVersionDate "2014.02.28"]
[SourceQuality "1"]

1. d4 f5 2. Nf3 d6 3. Bf4 Nf6 4. e3 g6 5. h4 Bg7 6. Bc4 h6 7. c3 e6 8. Nbd2 Qe7 9. Qc2 Nc6 10. 0-0-0 0-0 11. Nh2 Kh8 12. g4 Nh7 13. gxf5 gxf5 14. Nhf3 e5 15. dxe5 dxe5 16. Bh2 e4 17. Nd4 Ne5 18. Be2 a6 19. Nc4 c5 20. Nb3 b5 21. Nb6 c4 22. Bxe5 Bxe5 23. Nd4 Bxd4 24. Rxd4 Rb8 25. Nd5 Qf7 26. Nf4 Nf6 27. Rg1 Kh7 28. Qd1 Ng4 29. Bxg4 fxg4 30. Rxe4 Bf5 31. Rd4 b4 32. Qd2 Rb7 33. cxb4 a5 34. b5 c3 35. bxc3 Rxb5 36. e4 Rfb8 37. Qc2 Qb7 38. Nd3 Rb1+ 39. Kd2 Rxg1 40. exf5 g3 41. f6 Kh8 42. Rf4 gxf2 43. Rxf2 Rd8 44. f7 Qe7 45. Qb3 a4 46. Qb4 Qe1+ 47. Kc2 Qd1+ 48. Kb2 a3+ 49. Kxa3 Ra8+ 50. Kb2 Qb1# 0-1

[Event "IRI-ch"]
[Site "Tabriz"]
[Date "2013.12.02"]
[Round "8"]
[White "Asgharzadeh, M Reza"]
[Black "Lorparizangeneh, Shahin"]
[Result "1/2-1/2"]
[WhiteElo "2143"]
[BlackElo "2270"]
[PlyCount "109"]
[EventDate "2013.11.27"]
[EventType "swiss"]
[EventRounds "11"]
[EventCountry "IRI"]
[SourceTitle "CBM 157 Extra"]
[Source "ChessBase"]
[SourceDate "2013.12.19"]
[SourceVersion "1"]
[SourceVersionDate "2013.12.19"]
[SourceQuality "1"]

1. d4 Nf6 2. c4 e6 3. Nc3 Bb4 4. e3 c5 5. Nge2 b6 6. a3 Ba5 7. Rb1 Na6 8. Nf4 Bb7 9. Bd3 0-0 10. 0-0 Bxc3 11. bxc3 d6 12. f3 Qe7 13. e4 Nb8 14. Qe1 Nc6 15. Ne2 Nd7 16. Qg3 cxd4 17. cxd4 e5 18. Bb2 f6 19. Rfd1 Rac8 20. Qh3 g6 21. c5 dxc5 22. Bc4+ Kg7 23. Be6 Rcd8 24. dxe5 Ndxe5 25. Nf4 Nd4 26. Bd5 Bc8 27. Qg3 Kh8 28. Rxd4 cxd4 29. Bxd4 Bb7 30. Ne6 Bxd5 31. Nxd8 Bc4 32. f4 Rxd8 33. Qc3 Ng4 34. Qxc4 Qxe4 35. Rd1 Qxf4 36. Bxf6+ Qxf6 37. Rxd8+ Qxd8 38. Qxg4 Qd2 39. Qg3 Qd1+ 40. Kf2 Qd4+ 41. Kf1 a5 42. Qb8+ Kg7 43. Qc7+ Kh6 44. Qc1+ Kh5 45. Qc7 Kh6 46. Qc1+ g5 47. Qc6+ Kg7 48. Qc7+ Kg6 49. Qc2+ Kh6 50. Qc6+ Kh5 51. Qe8+ Kh4 52. Qe1+ Kg4 53. Qe6+ Kh5 54. Qe8+ Kh6 55. Qe6+ 1/2-1/2

[Event "IRI-ch"]
[Site "Tabriz"]
[Date "2013.11.30"]
[Round "5"]
[White "Asgharzadeh, M Reza"]
[Black "Galehdari, Bardia"]
[Result "1/2-1/2"]
[WhiteElo "2143"]
[BlackElo "2227"]
[PlyCount "46"]
[EventDate "2013.11.27"]
[EventType "swiss"]
[EventRounds "11"]
[EventCountry "IRI"]
[SourceTitle "CBM 157 Extra"]
[Source "ChessBase"]
[SourceDate "2013.12.19"]
[SourceVersion "1"]
[SourceVersionDate "2013.12.19"]
[SourceQuality "1"]

1. d4 d6 2. c4 e5 3. Nf3 Bg4 4. dxe5 Bxf3 5. exf3 dxe5 6. Qb3 Qc8 7. c5 c6 8. Bc4 Qc7 9. Be3 Nf6 10. 0-0 Na6 11. Bxa6 bxa6 12. Nc3 Be7 13. Qa4 a5 14. Ne4 Nxe4 15. fxe4 Rb8 16. Qc2 0-0 17. Rfd1 Qc8 18. Rd3 Rb4 19. Rad1 Qe6 20. Rd7 Rxe4 21. Qd3 Rb4 22. Qc2 Rc4 23. Qd3 Rb4 1/2-1/2

[Event "IRI-ch"]
[Site "Tabriz"]
[Date "2013.11.28"]
[Round "2"]
[White "Asgharzadeh, M Reza"]
[Black "Pourramezanali, Amirreza"]
[Result "0-1"]
[WhiteElo "2143"]
[BlackElo "2458"]
[PlyCount "58"]
[EventDate "2013.11.27"]
[EventType "swiss"]
[EventRounds "11"]
[EventCountry "IRI"]
[SourceTitle "CBM 157 Extra"]
[Source "ChessBase"]
[SourceDate "2013.12.19"]
[SourceVersion "1"]
[SourceVersionDate "2013.12.19"]
[SourceQuality "1"]

1. d4 Nf6 2. c4 e6 3. Nc3 Bb4 4. e3 b6 5. Nge2 Ba6 6. a3 Bxc3+ 7. Nxc3 d5 8. cxd5 Bxf1 9. Rxf1 exd5 10. g4 Qd6 11. Bd2 c5 12. g5 Ng8 13. dxc5 bxc5 14. Qa4+ Nd7 15. Ne4 Qe7 16. Qc6 Rd8 17. Qxd5 Ne5 18. Qxd8+ Qxd8 19. Bc3 Qd5 20. Ng3 Ne7 21. Rd1 Qe6 22. Nh5 0-0 23. Nxg7 Nf3+ 24. Ke2 Qg4 25. Kd3 Nd5 26. h3 Qxg5 27. h4 Qg6+ 28. Ke2 Nxc3+ 29. bxc3 Qg4 0-1

[Event "Asia-ch U14"]
[Site "Sari"]
[Date "2013.06.26"]
[Round "9"]
[White "Visakh, Narayanan Rajeswari"]
[Black "Asgharzadeh, M Reza"]
[Result "0-1"]
[WhiteElo "2227"]
[BlackElo "2132"]
[PlyCount "98"]
[EventDate "2013.06.21"]
[EventType "swiss"]
[EventRounds "9"]
[EventCountry "IRI"]
[SourceTitle "EXT 2015"]
[Source "ChessBase"]
[SourceDate "2014.11.20"]
[SourceVersion "1"]
[SourceVersionDate "2014.11.20"]
[SourceQuality "1"]

1. d4 d5 2. Nf3 Nf6 3. c4 c6 4. Nc3 dxc4 5. a4 Bf5 6. e3 Nbd7 7. Bxc4 e6 8. 0-0 Bd6 9. Re1 Bg4 10. e4 e5 11. dxe5 Nxe5 12. Be2 Bxf3 13. Bxf3 0-0 14. g3 Bc5 15. Be3 Bxe3 16. Rxe3 Qb6 17. Qc2 Rad8 18. Bg2 a5 19. h3 Rd4 20. Rd1 Rfd8 21. Rxd4 Rxd4 22. Ne2 Rc4 23. Qd2 Rxa4 24. Rb3 Rb4 25. Rxb4 axb4 26. Qd6 Nfd7 27. Qe7 g6 28. Nf4 Qc5 29. Qd8+ Kg7 30. h4 Qf8 31. Qc7 Qb8 32. Qa5 Qd6 33. Qd8 h5 34. Bf1 Qf6 35. Qc7 Nf3+ 36. Kh1 Nc5 37. Bg2 Ne5 38. Nh3 Ng4 39. f3 Qe5 40. Qb6 Ne3 41. Nf4 Nxg2 42. Nxg2 Nd3 43. b3 Qc5 44. Qd8 Qc1+ 45. Kh2 Ne5 46. g4 Nxf3+ 47. Kg3 hxg4 48. h5 gxh5 49. e5 Qg5 0-1